000 01309cab a22002295a 4500
001 L150903
008 100914e20100903xxk 000 0 eng d
035 _a(Sirsi) u150903
041 0 _aeng
100 1 _aWatson, Stuart
245 0 0 _aMarkets
_bKent, Surrey and Sussex
260 _c2010
490 0 _aProperty Week
_v76(35) 3 September 2010, 37-48(5)
520 _aCruise firm Royal Caribbean International is to sign for 24 600 sqft of Prupim's Heights scheme near Weybridge. Government rejects 300 acre Kent International Gateway rail freight distribution development. Objectors target the residential part of the Saltdean Lido redevelopment. Survey confirms positive impact of the high-speed London rail link on Kent as a business location. Redevelopment masterplan is proposed for Manor Royal, the region's biggest business park, next to Gatwick Airport. Health sector occupancies boost Brighton's office market. Examines the future prospects of five projects led by SEEDA, the regional development agency, due to close by March 2012.
590 _aKA
651 4 _aKent
651 4 _aSurrey
651 4 _aSussex
_y1888-
690 _aPROPERTY-COMMERCIAL PROPERTY-COMMERCIAL PROPERTY MARKET
690 _aPROPERTY-COMMERCIAL PROPERTY-COMMERCIAL PROPERTY FINANCE AND INVESTMENT
942 _n0
999 _c82672
_d82672